Management, economics and business development in the new european conditions IV. international scientific conference = IV. mezinárodní vědecká konference
Enregistré dans:
| Collectivités auteurs: | , |
|---|---|
| Autres auteurs: | , |
| Format: | Livre |
| Langue: | anglais tchèque slovaque |
| Publié: |
Brno
Vysoké učení technické v Brně
2006
|
| Sujets: | |
| Tags: |
Pas de tags, Soyez le premier à ajouter un tag!
|
MARC
| LEADER | 00000nlm$a2200000$$$4500 | ||
|---|---|---|---|
| 001 | 0050888 | ||
| 005 | 20240104134934.9 | ||
| 020 | |a 80-7204-454-0 | ||
| 041 | 0 | |a eng | |
| 041 | 0 | |a cze | |
| 041 | 0 | |a slo | |
| 044 | |a SK | ||
| 245 | 1 | 0 | |a Management, economics and business development in the new european conditions |b IV. international scientific conference = IV. mezinárodní vědecká konference |c editor: Pavel Weirich, Jan Luhan |
| 264 | 1 | |a Brno |b Vysoké učení technické v Brně |c 2006 | |
| 300 | |a CD-ROM | ||
| 610 | 2 | 0 | |a manažment |
| 610 | 2 | 0 | |a podnikanie |
| 610 | 2 | 0 | |a ekonómia |
| 610 | 2 | 0 | |a Európa |
| 610 | 2 | 0 | |a financie |
| 610 | 2 | 0 | |a marketing |
| 610 | 2 | 0 | |a 2006 |
| 700 | 1 | |a Weirich, Pavel | |
| 700 | 1 | |a Luhan, Jan | |
| 110 | 2 | |a Management, economics and business development in the new european conditions. IV. international scientific conference | |
| 710 | 2 | |a Vysoké učení technické v Brně. Fakulta podnikatelská | |